UBT Library

Feeding multitudes : (Record no. 43905)

000 -LEADER
fixed length control field 00584nam a2200217 a 4500
001 - CONTROL NUMBER
control field 3735223
005 - DATE AND TIME OF LATEST TRANSACTION
control field 20180302032351.0
008 - FIXED-LENGTH DATA ELEMENTS--GENERAL INFORMATION
fixed length control field 820413s1981 ilu 000 0 eng
010 ## - LIBRARY OF CONGRESS CONTROL NUMBER
LC control number 81080490
020 ## - INTERNATIONAL STANDARD BOOK NUMBER
International Standard Book Number 0813421926 (pbk.)
040 ## - CATALOGING SOURCE
Original cataloging agency DLC
Transcribing agency DLC
Modifying agency DLC
041 ## - LANGUAGE CODE
Language code of text/sound track or separate title eng
043 ## - GEOGRAPHIC AREA CODE
Geographic area code n-us---
080 ## - UNIVERSAL DECIMAL CLASSIFICATION NUMBER
Universal Decimal Classification number 338.10973 mcm
082 00 - DEWEY DECIMAL CLASSIFICATION NUMBER
Classification number 338.10973 mcm
Edition number 19
100 1# - Rafti
Rafti 25
101 ## - Shkurtesa
Shkurtesa edu
245 10 - TITLE STATEMENT
Title Feeding multitudes :
Statement of responsibility, etc Wheeler McMillen.
906 ## - LOCAL DATA ELEMENT F, LDF (RLIN)
a 7
b cbc
c orignew
d 2
e opcn
f 19
g y-gencatlg
942 ## - ADDED ENTRY ELEMENTS (KOHA)
Source of classification or shelving scheme
Item type Books
Holdings
Withdrawn status Lost status Source of classification or shelving scheme Damaged status Not for loan Collection code Permanent location Current location Shelving location Date acquired Total Checkouts Full call number Barcode Date last seen Price effective from Koha item type
          Koleksioni i përgjithshem UBT - Lipjan UBT - Lipjan Koleksioni i përgjithshem 03/02/2018   338.10973 mcm 002-3000327 03/02/2018 03/02/2018 Books
UBT Library © 2015-2024. All rights reserved University Education for Business and Technology